000
00500nam a2200181Ia 4500
008
090124s9999 xx 000 0 und d
082
_b
33593
100
_a
मोरे दामोदर
245
_a
विमुक्त
250
_a
0
260
_b
जागर प्रकाशन
300
_a
72
600
_a
मोरे दामोदर
630
_a
विमुक्त
700
_a
मोरे दामोदर
730
_a
विमुक्त
942
_c
BOOK
999
_c
99510
_d
99510